[Event "Helsingor Kronborg"]
[Site "Helsingor"]
[Date "2024.05.10"]
[Round "6"]
[White "Borge, Nikolaj"]
[Black "Heimisson, Hilmir Freyr"]
[Result "1/2-1/2"]
[WhiteElo "2389"]
[BlackElo "2378"]
[PlyCount "128"]
[EventDate "2024.05.08"]
[EventType "tourn"]
[EventRounds "9"]
[EventCountry "DEN"]
[EventCategory "7"]
[SourceTitle "CB20_2024"]
[SourceDate "2024.05.16"]
[SourceVersion "1"]
[SourceVersionDate "2024.05.16"]
[SourceQuality "1"]

1. e4 e5 2. Nf3 Nc6 3. Bc4 Nf6 4. d3 Bc5 5. c3 d6 6. b4 Bb6 7. a4 a5 8. b5 Ne7 9. Nbd2 0-0 10. 0-0 Ng6 11. Bb3 c6 12. Nc4 Bc7 13. Bg5 h6 14. b6 Bb8 15. Bxf6 Qxf6 16. d4 Ra6 17. Rb1 Kh8 18. Qd2 Nf4 19. Qe3 Bh3 20. g3 Bxf1 21. dxe5 dxe5 22. Kxf1 Ng6 23. Bd1 Rd8 24. Be2 Ra8 25. Nfd2 Qe7 26. Nb3 Nf8 27. Ncxa5 Ne6 28. Bg4 Bd6 29. Bxe6 fxe6 30. Ra1 Qf7 31. Nc4 Be7 32. a5 Qh5 33. Kg2 Rf8 34. f3 Bg5 35. Qe2 Be7 36. Rf1 Rad8 37. Qe3 Kg8 38. g4 Qh4 39. Nc5 Bxc5 40. Qxc5 Qf6 41. Qxe5 Rd2+ 42. Kg3 Qxe5+ 43. Nxe5 Ra8 44. Ra1 Rb2 45. Nc4 Rb3 46. Rc1 Kf8 47. Kf4 Ke7 48. Ke3 Rb5 49. Ra1 g5 50. e5 Rc5 51. Kd4 Rd5+ 52. Ke4 Rc5 53. Ra4 Rf8 54. Rb4 Rf4+ 55. Kd3 Rxf3+ 56. Kc2 Rf8 57. Kb3 Ra8 58. Ra4 Ra6 59. Ra2 Rb5+ 60. Ka4 Rc5 61. Kb4 Rb5+ 62. Ka4 Rc5 63. Kb4 Rb5+ 64. Ka4 Rc5 1/2-1/2

[Event "ISL-ch"]
[Site "Mosfellsbaer"]
[Date "2024.04.25"]
[Round "9"]
[White "Heimisson, Hilmir Freyr"]
[Black "Stefansson, Vignir Vatnar"]
[Result "1-0"]
[WhiteElo "2361"]
[BlackElo "2459"]
[PlyCount "189"]
[EventDate "2024.04.16"]
[EventType "tourn"]
[EventRounds "11"]
[EventCountry "ISL"]
[EventCategory "6"]
[SourceTitle "CB18_2024"]
[SourceDate "2024.05.01"]
[SourceVersion "1"]
[SourceVersionDate "2024.05.01"]
[SourceQuality "2"]

1. e4 c5 2. Nf3 d6 3. d4 cxd4 4. Nxd4 Nf6 5. Nc3 a6 6. Be3 Nc6 7. f3 h5 8. Bc4 e6 9. Qe2 Bd7 10. 0-0-0 Be7 11. Bb3 Qa5 12. Kb1 Rc8 13. Rhe1 Kf8 14. Qf1 Nd8 15. f4 Ng4 16. Bg1 Rxc3 17. bxc3 Qxc3 18. Qf3 Qxf3 19. Nxf3 Bc6 20. Bb6 Ke8 21. c4 Nf6 22. Bc2 Nd7 23. Bc7 Nc5 24. Bxd6 Bxd6 25. Rxd6 Ke7 26. Rd2 f6 27. Re3 Nf7 28. Nh4 Rh6 29. e5 fxe5 30. fxe5 Nd7 31. Ng6+ Ke8 32. h4 Nb6 33. Rd4 Bxg2 34. Nf4 Bc6 35. Bg6 Ke7 36. Bxh5 Nd7 37. Bxf7 Kxf7 38. Nh3 Nf8 39. Ng5+ Ke7 40. Rf4 Be8 41. Rb3 Bc6 42. Rf7+ Ke8 43. Rxg7 Ng6 44. Rg8+ Ke7 45. Re3 Nxh4 46. Rh3 Rg6 47. Rxg6 Nxg6 48. Rh7+ Ke8 49. Rh6 Nf4 50. Nxe6 Nd3 51. Ng5 Kf8 52. Ne6+ Ke8 53. Nd4 Be4 54. Ka1 Kf7 55. Rh4 Bg6 56. Nf3 Ke6 57. Rh6 Kf7 58. Rh1 Ke6 59. Rh6 Kf7 60. Rh1 Ke6 61. Rb1 Be4 62. Rb6+ Kd7 63. Rd6+ Ke7 64. Ng5 Bf5 65. Rf6 Bg4 66. Rf7+ Ke8 67. Rxb7 Nxe5 68. c5 Bd7 69. Ra7 Nd3 70. Ne4 Bc6 71. Nd6+ Kd8 72. Rxa6 Kd7 73. Ra7+ Ke6 74. Ra5 Nxc5 75. Nf5 Be4 76. Ng3 Nb7 77. Ra6+ Ke5 78. Nxe4 Kxe4 79. Kb2 Kd5 80. Rh6 Kc4 81. Rh4+ Kb5 82. Kc3 Nc5 83. Rh5 Kb6 84. Kb4 Na6+ 85. Kc4 Nc7 86. a4 Na6 87. a5+ Kc6 88. Rh6+ Kb7 89. Rb6+ Ka7 90. Kb5 Nc7+ 91. Kc6 Ne6 92. Kd6 Nd8 93. Kc5 Nf7 94. Kb5 Ne5 95. Re6 1-0

[Event "ISL-ch"]
[Site "Mosfellsbaer"]
[Date "2024.04.20"]
[Round "5"]
[White "Heimisson, Hilmir Freyr"]
[Black "Stefansson, Hannes"]
[Result "1-0"]
[WhiteElo "2361"]
[BlackElo "2493"]
[PlyCount "73"]
[EventDate "2024.04.16"]
[EventType "tourn"]
[EventRounds "11"]
[EventCountry "ISL"]
[EventCategory "6"]
[SourceTitle "CB18_2024"]
[SourceDate "2024.05.01"]
[SourceVersion "1"]
[SourceVersionDate "2024.05.01"]
[SourceQuality "2"]

1. e4 e5 2. Nf3 Nc6 3. Bc4 Nf6 4. Ng5 d5 5. exd5 Na5 6. Bb5+ c6 7. dxc6 bxc6 8. Bd3 Nd5 9. Nf3 Bd6 10. 0-0 Nf4 11. Nc3 Nxd3 12. cxd3 0-0 13. Re1 Re8 14. Ne4 c5 15. b3 Nc6 16. Ba3 Bg4 17. Nxd6 Qxd6 18. Rc1 Qxd3 19. Re3 Qd7 20. h3 Bh5 21. Rxc5 f6 22. Qc2 Re6 23. Qc4 Bf7 24. Qa4 Be8 25. Rec3 e4 26. Nh2 Qxd2 27. Nf1 Qd7 28. Ne3 Kh8 29. Rc1 Rd8 30. Rd5 Qc8 31. Qc4 Rxd5 32. Nxd5 Qd7 33. Nc7 Re5 34. Nxe8 Na5 35. Qa6 e3 36. fxe3 Qd2 37. Nxf6 1-0

[Event "ISL-ch"]
[Site "Mosfellsbaer"]
[Date "2024.04.19"]
[Round "4"]
[White "Steingrimsson, Hedinn"]
[Black "Heimisson, Hilmir Freyr"]
[Result "0-1"]
[WhiteElo "2502"]
[BlackElo "2361"]
[PlyCount "78"]
[EventDate "2024.04.16"]
[EventType "tourn"]
[EventRounds "11"]
[EventCountry "ISL"]
[EventCategory "6"]
[SourceTitle "CB18_2024"]
[SourceDate "2024.05.01"]
[SourceVersion "1"]
[SourceVersionDate "2024.05.01"]
[SourceQuality "2"]

1. d4 d5 2. c4 c6 3. Nc3 Nf6 4. e3 Bf5 5. cxd5 cxd5 6. Qb3 Nc6 7. Qxb7 Bd7 8. Qb3 Rb8 9. Qd1 e5 10. Nge2 e4 11. a3 Bd6 12. b4 h5 13. Bd2 h4 14. h3 Rh5 15. Nf4 Rg5 16. Rc1 Ne7 17. Na4 Kf8 18. Nc5 Kg8 19. Qc2 Ng6 20. Nxd7 Nxd7 21. Qc6 Nb6 22. Nxg6 Rxg6 23. Qc2 Qd7 24. Qd1 Qf5 25. f4 exf3 26. Qxf3 Bg3+ 27. Kd1 Qd7 28. Bd3 Rf6 29. Qh5 g6 30. Qg5 Kg7 31. Rf1 Rxf1+ 32. Bxf1 Qa4+ 33. Ke2 Qxa3 34. Kf3 Qb2 35. Rd1 Qc2 36. Ke2 Qc4+ 37. Kf3 Qc2 38. Ke2 Nc4 39. Qe7 Rb6 0-1

[Event "ISL-ch"]
[Site "Mosfellsbaer"]
[Date "2024.04.18"]
[Round "3"]
[White "Prudnykova, Olga"]
[Black "Heimisson, Hilmir Freyr"]
[Result "1/2-1/2"]
[WhiteElo "2263"]
[BlackElo "2361"]
[PlyCount "143"]
[EventDate "2024.04.16"]
[EventType "tourn"]
[EventRounds "11"]
[EventCountry "ISL"]
[EventCategory "6"]
[SourceTitle "CB18_2024"]
[SourceDate "2024.05.01"]
[SourceVersion "1"]
[SourceVersionDate "2024.05.01"]
[SourceQuality "2"]

1. b3 e5 2. Bb2 Nc6 3. c4 Nf6 4. e3 Be7 5. Nf3 e4 6. Nd4 Nxd4 7. Bxd4 b6 8. g3 Bb7 9. Bg2 h5 10. h3 c5 11. Bb2 d5 12. cxd5 Qxd5 13. Nc3 Qf5 14. Qe2 0-0 15. g4 Qg6 16. 0-0-0 Rad8 17. f3 exf3 18. Bxf3 Bxf3 19. Qxf3 h4 20. g5 Nh5 21. Ne4 Bd6 22. Rhg1 Bg3 23. d3 Rfe8 24. Qg4 Rd5 25. Rg2 Re6 26. Rc2 Kh7 27. Re2 Re8 28. Red2 a5 29. Rf1 a4 30. Qf3 Rd7 31. Qf5 Qxf5 32. Rxf5 Kg6 33. Rf3 Bb8 34. Kc2 axb3+ 35. axb3 Ng3 36. Nxg3 hxg3 37. h4 Rh8 38. e4 Rxh4 39. e5 Rg4 40. Rg2 Rd5 41. Re3 Kf5 42. Rf3+ Ke6 43. Rfxg3 Rxg3 44. Rxg3 Bxe5 45. Bxe5 Rxe5 46. Kc3 Kf5 47. Kc4 Kf4 48. Rg1 Rxg5 49. Rf1+ Ke3 50. Rxf7 Rg4+ 51. Kc3 Rg5 52. Kc4 Rg4+ 53. Kc3 g5 54. Rf5 Ke2 55. Kc2 Ke1 56. Kc3 Kd1 57. Re5 Rg2 58. Kc4 g4 59. Re6 Rc2+ 60. Kd5 Kd2 61. Rxb6 Ke3 62. Rg6 Kf3 63. d4 cxd4 64. Kxd4 g3 65. b4 Rb2 66. Kc5 g2 67. b5 Rc2+ 68. Kd6 Rc4 69. Rxg2 Kxg2 70. b6 Rb4 71. Kc7 Rxb6 72. Kxb6 1/2-1/2

[Event "ISL-ch"]
[Site "Mosfellsbaer"]
[Date "2024.04.17"]
[Round "2"]
[White "Heimisson, Hilmir Freyr"]
[Black "Gretarsson, Hjorvar Steinn"]
[Result "1-0"]
[WhiteElo "2361"]
[BlackElo "2518"]
[PlyCount "123"]
[EventDate "2024.04.16"]
[EventType "tourn"]
[EventRounds "11"]
[EventCountry "ISL"]
[EventCategory "6"]
[SourceTitle "CB18_2024"]
[SourceDate "2024.05.01"]
[SourceVersion "1"]
[SourceVersionDate "2024.05.01"]
[SourceQuality "2"]

1. e4 c5 2. Nf3 d6 3. d4 cxd4 4. Nxd4 Nf6 5. Nc3 a6 6. Rg1 e5 7. Nb3 h5 8. Be3 Be6 9. h3 h4 10. Qd2 Nbd7 11. 0-0-0 Be7 12. f4 exf4 13. Bxf4 Nh5 14. Be3 Ng3 15. Nd4 Ne5 16. Nxe6 fxe6 17. Kb1 0-0 18. Bd3 Rc8 19. Ne2 Bf6 20. Nxg3 hxg3 21. Qb4 b5 22. Be2 Nc4 23. Bc1 Be5 24. Bg4 Qf6 25. Rd3 a5 26. Qb3 a4 27. Qb4 Qf2 28. Bxe6+ Kh8 29. Rdd1 a3 30. Bxc4 bxc4 31. Qxa3 Rb8 32. c3 Ra8 33. Qb4 Rfc8 34. Rgf1 Qa7 35. a4 Rab8 36. Qa3 Rb3 37. Qa2 Rcb8 38. Kc2 Qe7 39. Rde1 Rf8 40. Rxf8+ Qxf8 41. Be3 Qf6 42. Qa1 Qe6 43. Bg1 Qc8 44. a5 Qa6 45. Rd1 Rb8 46. Rd5 Ra8 47. Qa4 Rf8 48. Rd1 Kh7 49. Bb6 Rf4 50. Re1 Qc8 51. a6 Rf8 52. Bg1 Rf2+ 53. Bxf2 gxf2 54. Rf1 Qc5 55. Kb1 Qe3 56. Qc2 Bg3 57. e5+ g6 58. exd6 Qe1+ 59. Qd1 Qe4+ 60. Ka2 Qxg2 61. d7 Bh4 62. Qg4 1-0

[Event "Budapest SixDays 11 IM"]
[Site "Budapest"]
[Date "2023.11.28"]
[Round "3"]
[White "Heimisson, Hilmir Freyr"]
[Black "Fule, Simon"]
[Result "1-0"]
[WhiteElo "2377"]
[BlackElo "2245"]
[PlyCount "85"]
[EventDate "2023.11.27"]
[EventType "tourn"]
[EventRounds "9"]
[EventCountry "HUN"]
[SourceTitle "CB49_2023"]
[SourceDate "2023.12.06"]
[SourceVersion "1"]
[SourceVersionDate "2023.12.06"]
[SourceQuality "1"]

1. e4 e5 2. Nf3 Nc6 3. Bb5 a6 4. Ba4 Nf6 5. 0-0 Be7 6. d3 d6 7. c3 0-0 8. Re1 b5 9. Bb3 Na5 10. Bc2 c5 11. d4 Qc7 12. d5 Re8 13. b3 h6 14. h3 Bf8 15. Nbd2 g6 16. Nf1 Bg7 17. Ng3 Bd7 18. Be3 Nb7 19. Qd2 Kh7 20. Rf1 Re7 21. Rae1 Rf8 22. Nh2 Ng8 23. Re2 Nd8 24. f4 exf4 25. Bxf4 f6 26. e5 fxe5 27. Bxg6+ Kh8 28. Be3 Rxf1+ 29. Nhxf1 Be8 30. Bc2 Rf7 31. Nf5 Rf6 32. Nh4 Ne7 33. Ng3 Ng6 34. Nhf5 Bf8 35. Bxh6 Qf7 36. Bxf8 Qxf8 37. Nh5 Rf7 38. Qg5 Ne7 39. Nxd6 Rf1+ 40. Kh2 Nf7 41. Nxf7+ Rxf7 42. Qxe5+ Kg8 43. d6 1-0

[Event "Copenhagen CC IM"]
[Site "Ballerup"]
[Date "2023.08.26"]
[Round "7"]
[White "Heimisson, Hilmir Freyr"]
[Black "Nielsen, Viktor Haarmark"]
[Result "0-1"]
[WhiteElo "2382"]
[BlackElo "2345"]
[PlyCount "154"]
[EventDate "2023.08.23"]
[EventType "tourn"]
[EventRounds "9"]
[EventCountry "DEN"]
[EventCategory "3"]
[SourceTitle "EXT 2024"]
[Source "ChessBase"]
[SourceDate "2023.10.10"]
[SourceVersion "1"]
[SourceVersionDate "2023.10.10"]
[SourceQuality "1"]

1. d4 Nf6 2. c4 e6 3. Nc3 d5 4. cxd5 Nxd5 5. e4 Nxc3 6. bxc3 c5 7. Rb1 Be7 8. Nf3 0-0 9. Bc4 Nc6 10. 0-0 b6 11. Be3 cxd4 12. cxd4 Bb7 13. Qe2 Rc8 14. Rfd1 Qc7 15. d5 Na5 16. Bd3 exd5 17. exd5 Rcd8 18. Rbc1 Qd6 19. Bb1 Bxd5 20. Nd4 Bf6 21. Qg4 Nc4 22. Bf4 Ne5 23. Qg3 Rfe8 24. Nb5 Qb4 25. Nc7 Bb7 26. Rxd8 Rxd8 27. Bxe5 Qc5 28. Bc3 Qxc3 29. Qxc3 Bxc3 30. Nb5 Bb2 31. Re1 a6 32. Nd6 Bc6 33. Nc4 Bd4 34. h3 g6 35. Bc2 Bd5 36. Bb3 Be6 37. Re2 Bc5 38. Nd2 Bxb3 39. Nxb3 Bb4 40. Re4 Rd1+ 41. Kh2 a5 42. g4 Kg7 43. Kg2 f5 44. gxf5 gxf5 45. Rc4 b5 46. Rc7+ Kg6 47. Rc6+ Kg7 48. Rc7+ Kg6 49. Rc6+ Kg5 50. Nc1 Rd6 51. Rc7 h6 52. Kf3 Rd2 53. Rc6 a4 54. Ke3 Rd6 55. Rc2 Kh4 56. Nd3 Ba3 57. Ne5 Re6 58. Kd4 Be7 59. Nd3 Rd6+ 60. Ke3 Bf6 61. Rc8 Bd8 62. Ke2 Kxh3 63. Rc5 Kg4 64. Ne5+ Kf4 65. Nd3+ Ke4 66. Nb4 Bg5 67. f3+ Kd4 68. Rxf5 Kc4 69. a3 Rd2+ 70. Ke1 Rh2 71. f4 Be7 72. Nc6 Bxa3 73. Ne5+ Kb3 74. Nf3 Bb4+ 75. Kd1 Rh1+ 76. Ke2 a3 77. Kd3 Rh3 0-1

[Event "Copenhagen CC IM"]
[Site "Ballerup"]
[Date "2023.08.23"]
[Round "1"]
[White "Meskenas, Paulius"]
[Black "Heimisson, Hilmir Freyr"]
[Result "1-0"]
[WhiteElo "2297"]
[BlackElo "2382"]
[PlyCount "77"]
[EventDate "2023.08.23"]
[EventType "tourn"]
[EventRounds "9"]
[EventCountry "DEN"]
[EventCategory "3"]
[SourceTitle "EXT 2024"]
[Source "ChessBase"]
[SourceDate "2023.10.10"]
[SourceVersion "1"]
[SourceVersionDate "2023.10.10"]
[SourceQuality "1"]

1. e4 e5 2. Nf3 Nc6 3. Bc4 Bc5 4. c3 Nf6 5. d3 d6 6. a4 a5 7. h3 0-0 8. 0-0 Ba7 9. Re1 Be6 10. Na3 Ne7 11. Qb3 Qd7 12. Ng5 Bxc4 13. Nxc4 Ng6 14. Be3 Nh4 15. Bxa7 Rxa7 16. Qd1 Raa8 17. Nf3 Ng6 18. d4 Rfe8 19. dxe5 Nxe5 20. Nfxe5 dxe5 21. Qxd7 Nxd7 22. Red1 Nc5 23. f3 f6 24. Nxa5 Rxa5 25. b4 Rxa4 26. bxc5 Rc4 27. Ra5 Kf7 28. Rd3 Re6 29. Rb5 Kg6 30. Rxb7 Rxc5 31. Rd7 Rec6 32. Rb8 Rd6 33. Re7 Rxc3 34. Rg8 Kh5 35. Rgxg7 h6 36. Kh2 Rd2 37. Rg3 c5 38. Re6 f5 39. Rf6 1-0

[Event "Prague op"]
[Site "Prague"]
[Date "2023.06.29"]
[Round "8"]
[White "Deuer, Marius"]
[Black "Heimisson, Hilmir Freyr"]
[Result "1-0"]
[WhiteElo "2374"]
[BlackElo "2413"]
[PlyCount "83"]
[EventDate "2023.06.22"]
[EventType "swiss"]
[EventRounds "9"]
[EventCountry "CZE"]
[SourceTitle "CBM 215 Extra"]
[Source "ChessBase"]
[SourceDate "2023.09.30"]
[SourceVersion "1"]
[SourceVersionDate "2023.09.30"]
[SourceQuality "1"]

1. d4 Nf6 2. c4 e6 3. Nc3 Bb4 4. e3 0-0 5. Bd3 d5 6. cxd5 exd5 7. a3 Bd6 8. Qc2 c6 9. Nge2 Nbd7 10. 0-0 Re8 11. Bd2 Nf8 12. f3 Ng6 13. b4 a5 14. Rab1 axb4 15. axb4 Bc7 16. b5 Qd6 17. g3 c5 18. b6 Bb8 19. Nb5 Qxb6 20. dxc5 Qd8 21. Nbd4 Ne5 22. Rfc1 Ba7 23. Kg2 Bxc5 24. Bb5 Ned7 25. Ra1 Rxa1 26. Rxa1 b6 27. Ra7 Qe7 28. Nf5 Qf8 29. Bc3 g6 30. Bxd7 Bxd7 31. Rxd7 d4 32. Rxd4 Bxd4 33. Bxd4 gxf5 34. Qxf5 Qh6 35. Bxf6 Re6 36. Bd4 Qg6 37. Qd5 Re8 38. Nf4 Qc2+ 39. Kh3 Qc8+ 40. g4 h6 41. Qd6 Qc4 42. Qxh6 1-0

[Event "ISL-ch"]
[Site "Hafnarfjordur"]
[Date "2023.05.24"]
[Round "10"]
[White "Heimisson, Hilmir Freyr"]
[Black "Gretarsson, Hjorvar Steinn"]
[Result "1/2-1/2"]
[WhiteElo "2353"]
[BlackElo "2539"]
[PlyCount "173"]
[EventDate "2023.05.15"]
[EventType "tourn"]
[EventRounds "11"]
[EventCountry "ISL"]
[EventCategory "6"]
[SourceTitle "CBM 214 Extra"]
[Source "ChessBase"]
[SourceDate "2023.07.31"]
[SourceVersion "1"]
[SourceVersionDate "2023.07.31"]
[SourceQuality "1"]

1. e4 e5 2. Nf3 Nc6 3. Nc3 Nf6 4. a3 g6 5. Bc4 Bg7 6. d3 d6 7. h3 Be6 8. Ng5 Bxc4 9. dxc4 Nd4 10. Nf3 Ne6 11. Qe2 0-0 12. Be3 a6 13. 0-0-0 Qe8 14. h4 h5 15. Ng5 Nd4 16. Bxd4 exd4 17. Nd5 Nxd5 18. cxd5 Qe5 19. g3 c6 20. f4 Qf6 21. Qf3 Rac8 22. Rd3 c5 23. Rhd1 Qd8 24. g4 c4 25. Rxd4 Bxd4 26. Rxd4 c3 27. gxh5 cxb2+ 28. Kxb2 Qb6+ 29. Rb4 Qg1 30. Qd3 a5 31. Rb3 Qg4 32. hxg6 fxg6 33. Ne6 Rf7 34. Rc3 Re8 35. Qg3 Qxg3 36. Rxg3 Rxe6 37. dxe6 Rxf4 38. Rxg6+ Kf8 39. h5 Rxe4 40. h6 Rh4 41. Kc3 Ke7 42. Kd3 b5 43. Ke3 b4 44. a4 Rh2 45. Kd3 Rh4 46. Kd2 Rh2+ 47. Kc1 Rh4 48. Kb1 Rh2 49. Kb2 Rh3 50. Ka2 Rh5 51. Kb3 d5 52. Ka2 Rh3 53. Kb2 Rh1 54. Ka2 Rh3 55. Kb2 Rh1 56. Rg7+ Kxe6 57. Ra7 Ke5 58. Rxa5 Rxh6 59. Kb3 Kd4 60. Kxb4 Rc6 61. Kb3 Rc3+ 62. Kb2 Rc4 63. Ra8 Kc5 64. Kb3 Rb4+ 65. Ka3 Rh4 66. Rb8 Rh1 67. Rb5+ Kc4 68. Kb2 d4 69. Rb8 Rh2 70. Rd8 Rh7 71. Rb8 Rh2 72. Rb3 Rh5 73. Rd3 Rg5 74. Rb3 Rh5 75. Rb7 Rg5 76. Ra7 Rg2 77. Rd7 Rg5 78. Rc7+ Kb4 79. Ra7 Rh5 80. Kc1 Kc3 81. Rc7+ Kb4 82. Kd2 Kxa4 83. Rb7 Rc5 84. Rb3 Rb5 85. Kd3 Rxb3+ 86. cxb3+ Kxb3 87. Kxd4 1/2-1/2

[Event "ISL-ch"]
[Site "Hafnarfjordur"]
[Date "2023.05.22"]
[Round "8"]
[White "Stefansson, Hannes"]
[Black "Heimisson, Hilmir Freyr"]
[Result "1-0"]
[WhiteElo "2521"]
[BlackElo "2353"]
[PlyCount "81"]
[EventDate "2023.05.15"]
[EventType "tourn"]
[EventRounds "11"]
[EventCountry "ISL"]
[EventCategory "6"]
[SourceTitle "CBM 214 Extra"]
[Source "ChessBase"]
[SourceDate "2023.07.31"]
[SourceVersion "1"]
[SourceVersionDate "2023.07.31"]
[SourceQuality "1"]

1. e4 e5 2. Nf3 Nc6 3. Bb5 Nf6 4. 0-0 Nxe4 5. d4 Nd6 6. Bxc6 dxc6 7. dxe5 Nf5 8. Qxd8+ Kxd8 9. Nc3 Ke8 10. h3 h5 11. Ne2 b6 12. Re1 Bb7 13. Bg5 h4 14. Ned4 Nxd4 15. Nxd4 Rh5 16. f4 Be7 17. Nf5 Bc5+ 18. Kh2 Kf8 19. Rad1 f6 20. exf6 gxf6 21. g4 hxg3+ 22. Nxg3 Rh7 23. Bxf6 Bf2 24. Re2 Bxg3+ 25. Kxg3 Ba6 26. Re5 Bc4 27. b3 Bg8 28. Rde1 Rd7 29. Re7 Rxe7 30. Rxe7 b5 31. Rxc7 Bd5 32. h4 Re8 33. Be5 Be4 34. h5 Re6 35. h6 Rg6+ 36. Kf2 Rg2+ 37. Ke3 Bxc2 38. h7 Bxh7 39. Rxh7 Rxa2 40. f5 Ra6 41. Bd6+ 1-0

[Event "Koge op 4th"]
[Site "Koge"]
[Date "2023.04.23"]
[Round "6"]
[White "Jacobsen, Mikkel Manosri"]
[Black "Heimisson, Hilmir Freyr"]
[Result "1/2-1/2"]
[WhiteElo "2309"]
[BlackElo "2351"]
[PlyCount "26"]
[EventDate "2023.04.21"]
[EventType "swiss"]
[EventRounds "7"]
[EventCountry "DEN"]
[SourceTitle "EXT 2024"]
[Source "ChessBase"]
[SourceDate "2023.10.10"]
[SourceVersion "1"]
[SourceVersionDate "2023.10.10"]
[SourceQuality "1"]

1. e4 c6 2. d4 d5 3. exd5 cxd5 4. Bd3 Nc6 5. c3 Nf6 6. Bf4 Bg4 7. Qb3 Qd7 8. Nd2 e6 9. Ngf3 Bd6 10. Bxd6 Qxd6 11. 0-0 0-0 12. Rae1 Bxf3 13. Nxf3 Qc7 1/2-1/2

[Event "Koge op 4th"]
[Site "Koge"]
[Date "2023.04.21"]
[Round "1"]
[White "Petersen, Daniel"]
[Black "Heimisson, Hilmir Freyr"]
[Result "0-1"]
[WhiteElo "2010"]
[BlackElo "2351"]
[PlyCount "66"]
[EventDate "2023.04.21"]
[EventType "swiss"]
[EventRounds "7"]
[EventCountry "DEN"]
[SourceTitle "EXT 2024"]
[Source "ChessBase"]
[SourceDate "2023.10.10"]
[SourceVersion "1"]
[SourceVersionDate "2023.10.10"]
[SourceQuality "1"]

1. d4 Nf6 2. c4 e6 3. Nf3 d5 4. Nc3 Bb4 5. Qc2 dxc4 6. a3 Bxc3+ 7. Qxc3 Qd5 8. a4 Ne4 9. Qc2 Nc6 10. e3 Nb4 11. Qd1 b6 12. Bd2 Nd3+ 13. Bxd3 cxd3 14. 0-0 0-0 15. Bc3 Ba6 16. Re1 c5 17. Nd2 Nxd2 18. Qxd2 Qg5 19. f4 Qg6 20. Rf1 Bb7 21. Rf2 Be4 22. b3 Rfd8 23. Rc1 Rd5 24. dxc5 Rxc5 25. Bd4 Rc2 26. Rxc2 dxc2 27. Qc3 Qg4 28. h3 Qd1+ 29. Rf1 f6 30. Qc4 Bd5 31. Qc3 h6 32. b4 Bb7 33. Qa1 Qd2 0-1

[Event "Reykjavik op"]
[Site "Reykjavik"]
[Date "2023.04.04"]
[Round "9"]
[White "Heimisson, Hilmir Freyr"]
[Black "Holand, Per Fredrik"]
[Result "1-0"]
[WhiteElo "2351"]
[BlackElo "2026"]
[PlyCount "113"]
[EventDate "2023.03.29"]
[EventType "swiss"]
[EventRounds "9"]
[EventCountry "ISL"]
[SourceTitle "EXT 2024"]
[Source "ChessBase"]
[SourceDate "2023.10.10"]
[SourceVersion "1"]
[SourceVersionDate "2023.10.10"]
[SourceQuality "1"]

1. d4 Nf6 2. c4 g6 3. Nc3 Bg7 4. e4 d6 5. Nf3 0-0 6. Be2 Na6 7. 0-0 e5 8. Re1 Bg4 9. Be3 Bxf3 10. Bxf3 exd4 11. Bxd4 Nb4 12. e5 Ne8 13. a3 Nc6 14. Bxc6 bxc6 15. exd6 cxd6 16. Bxg7 Nxg7 17. Qd2 Re8 18. Rxe8+ Nxe8 19. Rd1 a5 20. Na4 Qh4 21. Qd4 Qxd4 22. Rxd4 Rb8 23. f3 f5 24. Kf2 Kf7 25. Ke3 Ke6 26. Kd2 Ke5 27. Rd3 f4 28. Kc3 Ng7 29. c5 d5 30. Nb6 Rb7 31. b4 axb4+ 32. Kxb4 Nf5 33. a4 Ne3 34. Rd2 Nc4 35. Re2+ Kd4 36. a5 Ne5 37. a6 Nd3+ 38. Ka5 Ra7 39. Na4 Nxc5 40. Nxc5 Kxc5 41. Rc2+ Kd4 42. Rxc6 Ke3 43. Kb6 Rxa6+ 44. Kxa6 d4 45. Re6+ Kf2 46. Re4 g5 47. Rxd4 Kxg2 48. h4 h6 49. h5 Kxf3 50. Rd6 Kg4 51. Rxh6 f3 52. Kb5 Kf5 53. Rh8 g4 54. h6 f2 55. Rf8+ Kg6 56. Rxf2 Kxh6 57. Rf5 1-0